[Event "GER-chB Seniors 26th"]
[Site "Bad Neuenahr"]
[Date "2014.08.09"]
[Round "5"]
[White "Scholz, Werner"]
[Black "Schwagrowski, Bernd"]
[Result "0-1"]
[WhiteElo "1763"]
[BlackElo "1647"]
[PlyCount "68"]
[EventDate "2014.08.05"]
[EventType "swiss"]
[EventRounds "9"]
[EventCountry "GER"]
[SourceTitle "EXT 2018"]
[Source "ChessBase"]
[SourceDate "2017.10.13"]
[SourceVersion "1"]
[SourceVersionDate "2017.10.13"]
[SourceQuality "1"]

1. d4 d5 2. Nf3 Nf6 3. e3 Bf5 4. c4 e6 5. Qb3 b6 6. Nc3 c6 7. cxd5 exd5 8. Be2 Be7 9. 0-0 0-0 10. Ne5 Bd6 11. Bd2 Re8 12. Nf3 Nbd7 13. Rac1 Rc8 14. Nh4 Be6 15. Bd3 c5 16. Qa4 c4 17. Bb1 Ne4 18. Nf3 Bg4 19. Qc2 Bxf3 20. gxf3 Qg5+ 21. Kh1 Qh4 22. f4 Ndf6 23. Be1 Qh5 24. f3 Nxc3 25. Qxc3 a5 26. a3 Qh3 27. Bg3 Nh5 28. Rg1 Re6 29. Rc2 Rce8 30. Re2 Nxg3+ 31. Rxg3 Qf1+ 32. Rg1 Qxe2 33. Rg2 Qxf3 34. Qc2 g6 0-1

[Event "GER-chB Seniors 26th"]
[Site "Bad Neuenahr"]
[Date "2014.08.05"]
[Round "1"]
[White "Drews, Horst"]
[Black "Schwagrowski, Bernd"]
[Result "0-1"]
[WhiteElo "1627"]
[BlackElo "1647"]
[PlyCount "114"]
[EventDate "2014.08.05"]
[EventType "swiss"]
[EventRounds "9"]
[EventCountry "GER"]
[SourceTitle "EXT 2018"]
[Source "ChessBase"]
[SourceDate "2017.10.13"]
[SourceVersion "1"]
[SourceVersionDate "2017.10.13"]
[SourceQuality "1"]

1. e4 e5 2. d3 Nc6 3. Be2 Bc5 4. c3 a6 5. Nf3 d6 6. d4 exd4 7. cxd4 Bb6 8. 0-0 Bg4 9. Be3 Nge7 10. d5 Bxe3 11. fxe3 Bxf3 12. Rxf3 Ne5 13. Rg3 N7g6 14. Nd2 0-0 15. Bh5 c6 16. Bxg6 Nxg6 17. Qg4 Qf6 18. Rf1 Qxb2 19. Nc4 Qb4 20. e5 cxd5 21. Nxd6 Qxg4 22. Rxg4 Nxe5 23. Rd4 b5 24. Rxd5 Rad8 25. Rfd1 Nc4 26. Nxc4 Rxd5 27. Rxd5 bxc4 28. Rc5 Re8 29. Rxc4 g6 30. Kf2 a5 31. Ke2 Re5 32. Kd3 Kg7 33. e4 Kf6 34. Kd4 Rb5 35. Rc6+ Ke7 36. Rc5 Rb4+ 37. Kc3 Rxe4 38. Rxa5 Re2 39. Ra7+ Kf6 40. a4 Rxg2 41. a5 Rxh2 42. a6 Ra2 43. Kb3 Ra5 44. Kb4 Ra1 45. Kb5 h5 46. Ra8 h4 47. Rh8 Kg5 48. Kb6 f5 49. a7 Kg4 50. a8Q Rxa8 51. Rxa8 f4 52. Kc5 h3 53. Rh8 g5 54. Kd4 Kg3 55. Rh5 g4 56. Ke4 h2 57. Kf5 f3 0-1

[Event "GER-ch Seniors 22nd"]
[Site "Berlin"]
[Date "2010.08.24"]
[Round "9"]
[White "Schwagrowski, Bernd"]
[Black "Thonig, Manfred"]
[Result "0-1"]
[WhiteElo "1404"]
[BlackElo "1588"]
[PlyCount "126"]
[EventDate "2010.08.16"]
[EventType "swiss"]
[EventRounds "9"]
[EventCountry "GER"]
[SourceTitle "CBM 138 Extra"]
[Source "ChessBase"]
[SourceDate "2010.10.29"]
[SourceVersion "1"]
[SourceVersionDate "2010.10.29"]
[SourceQuality "1"]

1. Nf3 Nf6 2. d4 d5 3. h3 c5 4. Bf4 Nc6 5. e3 e6 6. Bb5 Bd7 7. 0-0 a6 8. Bxc6 Bxc6 9. Nbd2 Be7 10. Bg5 c4 11. c3 0-0 12. Qc2 Ne4 13. Bxe7 Qxe7 14. Ne5 Nxd2 15. Nxc6 bxc6 16. Qxd2 f5 17. Rfb1 Rf6 18. b3 Rg6 19. bxc4 dxc4 20. Qe2 Qh4 21. Kh2 f4 22. Rf1 Rf8 23. Qf3 fxe3 24. Qxe3 Qe7 25. Rab1 a5 26. Rb6 Qc7+ 27. Kg1 Qxb6 28. Qe4 Rgf6 29. Rb1 Qc7 30. Rb2 Qf7 31. f3 Rg6 32. Kh2 Qc7+ 33. Kh1 Rf4 34. Qe2 h6 35. Qxc4 Qc8 36. Qd3 Rgf6 37. Qb1 Rf8 38. Rb7 R4f7 39. Rb3 a4 40. Rb4 Qa8 41. a3 Qa6 42. Kg1 Qe2 43. Rb2 Qe3+ 44. Kh1 Qxc3 45. Rc2 Qxd4 46. Rxc6 Qd5 47. Rb6 Rc7 48. Rb4 Rfc8 49. Qg6 Rc1+ 50. Kh2 Qe5+ 51. f4 Qf6 52. Qe4 Re8 53. Rxa4 Qd8 54. Qg6 Qe7 55. Re4 Rcc8 56. a4 Qf6 57. Qg4 Qf5 58. Qf3 g5 59. g4 Rc2+ 60. Kg3 gxf4+ 61. Rxf4 Qe5 62. Kh4 Rc5 63. Rf6 Qe1+ 0-1

[Event "GER-ch Seniors 22nd"]
[Site "Berlin"]
[Date "2010.08.23"]
[Round "8"]
[White "Schneider, Siegfried"]
[Black "Schwagrowski, Bernd"]
[Result "1-0"]
[WhiteElo "1611"]
[BlackElo "1404"]
[PlyCount "23"]
[EventDate "2010.08.16"]
[EventType "swiss"]
[EventRounds "9"]
[EventCountry "GER"]
[SourceTitle "CBM 138 Extra"]
[Source "ChessBase"]
[SourceDate "2010.10.29"]
[SourceVersion "1"]
[SourceVersionDate "2010.10.29"]
[SourceQuality "1"]

1. e4 e5 2. Nf3 Nc6 3. d4 exd4 4. Bc4 h6 5. Nxd4 Nge7 6. 0-0 b6 7. Re1 Bb7 8. Nc3 Ng6 9. Nf5 Nce7 10. b3 Ne5 11. Bd5 c6 12. Nd6# 1-0

[Event "GER-ch Seniors 22nd"]
[Site "Berlin"]
[Date "2010.08.21"]
[Round "6"]
[White "Janzen, Christian"]
[Black "Schwagrowski, Bernd"]
[Result "1-0"]
[WhiteElo "1616"]
[BlackElo "1404"]
[PlyCount "69"]
[EventDate "2010.08.16"]
[EventType "swiss"]
[EventRounds "9"]
[EventCountry "GER"]
[SourceTitle "CBM 138 Extra"]
[Source "ChessBase"]
[SourceDate "2010.10.29"]
[SourceVersion "1"]
[SourceVersionDate "2010.10.29"]
[SourceQuality "1"]

1. e4 e5 2. Nf3 Nc6 3. Bc4 h6 4. Nc3 Bc5 5. a3 a6 6. 0-0 d6 7. h3 Nge7 8. Re1 0-0 9. d3 Kh8 10. Be3 Nd4 11. Bxd4 Bxd4 12. Nxd4 exd4 13. Ne2 Ng6 14. Nxd4 Nh4 15. Re3 f5 16. exf5 Bxf5 17. Nxf5 Rxf5 18. Qg4 Qf6 19. Re4 g5 20. Rae1 Rf8 21. Re6 Qg7 22. Qh5 R5f6 23. Re7 Qg6 24. Qxg6 Nxg6 25. Rxc7 Rxf2 26. Bb3 Nf4 27. Kxf2 Nxd3+ 28. Ke2 Nxe1 29. Kxe1 Rb8 30. Rd7 Re8+ 31. Kf2 Rf8+ 32. Kg3 Rf1 33. Rxd6 Rb1 34. Rxh6+ Kg7 35. Rb6 1-0

[Event "GER-ch Seniors 22nd"]
[Site "Berlin"]
[Date "2010.08.20"]
[Round "5"]
[White "Schwagrowski, Bernd"]
[Black "Roggenbach, Ottomar"]
[Result "1/2-1/2"]
[WhiteElo "1404"]
[BlackElo "1617"]
[PlyCount "41"]
[EventDate "2010.08.16"]
[EventType "swiss"]
[EventRounds "9"]
[EventCountry "GER"]
[SourceTitle "CBM 138 Extra"]
[Source "ChessBase"]
[SourceDate "2010.10.29"]
[SourceVersion "1"]
[SourceVersionDate "2010.10.29"]
[SourceQuality "1"]

1. Nf3 Nc6 2. d4 d5 3. h3 Bf5 4. Bf4 e6 5. e3 Bd6 6. Bb5 a6 7. Bxc6+ bxc6 8. Be5 Bxe5 9. Nxe5 Ne7 10. 0-0 f6 11. Nf3 Bg6 12. Nbd2 Nf5 13. Nb3 Nd6 14. Nfd2 Nb7 15. Re1 0-0 16. Rc1 e5 17. f3 Qe7 18. c4 Rac8 19. e4 dxe4 20. Nxe4 Rcd8 21. Rc2 1/2-1/2

[Event "Wch Seniors 18th"]
[Site "Bad Zwischenahn"]
[Date "2008.10.30"]
[Round "3"]
[White "Boehm, Karl1111"]
[Black "Schwagrowski, Bernd"]
[Result "1-0"]
[WhiteElo "1900"]
[BlackElo "1634"]
[PlyCount "34"]
[EventDate "2008.10.28"]
[EventType "swiss"]
[EventRounds "11"]
[EventCountry "GER"]
[SourceTitle "EXT 2009"]
[Source "ChessBase"]
[SourceDate "2008.11.26"]
[SourceVersion "1"]
[SourceVersionDate "2008.11.26"]
[SourceQuality "1"]

1. d4 d5 2. Nf3 Bf5 3. e3 e6 4. Bd3 Ne7 5. 0-0 h6 6. Re1 Be4 7. Qe2 Nbc6 8. c3 Ng6 9. Nbd2 Bxd3 10. Qxd3 Bd6 11. e4 0-0 12. e5 Be7 13. Nf1 f6 14. Qxg6 fxe5 15. Qxe6+ Kh8 16. Nxe5 Nxe5 17. Rxe5 Rf6 1-0

[Event "GER-ch Seniors-B 20th"]
[Site "Erfurt"]
[Date "2008.08.13"]
[Round "9"]
[White "Schwagrowski, Bernd"]
[Black "Van Houten, Henk"]
[Result "0-1"]
[WhiteElo "1380"]
[BlackElo "1541"]
[PlyCount "71"]
[EventDate "2008.08.05"]
[EventType "swiss"]
[EventRounds "9"]
[EventCountry "GER"]
[SourceTitle "CBM 126 Extra"]
[Source "ChessBase"]
[SourceDate "2008.11.05"]
[SourceVersion "1"]
[SourceVersionDate "2008.11.05"]
[SourceQuality "1"]

1. Nf3 b6 2. e4 Bb7 3. Nc3 c5 4. Bc4 a6 5. a3 e6 6. 0-0 d6 7. d3 Nc6 8. Rb1 Be7 9. Be3 Nf6 10. Qe2 b5 11. Ba2 b4 12. Na4 Qa5 13. Bb3 Ne5 14. Nxe5 dxe5 15. c3 bxa3 16. bxa3 Bc6 17. Qc2 0-0 18. c4 Nd7 19. Rb2 Rab8 20. Rfb1 Rxb3 21. Bd2 Rxb2 22. Nxb2 Qxa3 23. g3 Rb8 24. Bc3 Rb3 25. Nd1 Rxb1 26. Qxb1 f6 27. Bb2 Qb4 28. Kg2 f5 29. f3 f4 30. Kh3 fxg3 31. hxg3 a5 32. Qa1 Bf6 33. Bc3 Qa4 34. Qb1 Qa3 35. Bb2 Qb3 36. Nc3 0-1

[Event "GER-ch Seniors-B 20th"]
[Site "Erfurt"]
[Date "2008.08.10"]
[Round "6"]
[White "Berndt, Wolfgang"]
[Black "Schwagrowski, Bernd"]
[Result "1-0"]
[WhiteElo "1554"]
[BlackElo "1380"]
[PlyCount "47"]
[EventDate "2008.08.05"]
[EventType "swiss"]
[EventRounds "9"]
[EventCountry "GER"]
[SourceTitle "CBM 126 Extra"]
[Source "ChessBase"]
[SourceDate "2008.11.05"]
[SourceVersion "1"]
[SourceVersionDate "2008.11.05"]
[SourceQuality "1"]

1. e4 e5 2. Nf3 Nc6 3. Bb5 Nge7 4. c3 a6 5. Ba4 g6 6. d4 exd4 7. cxd4 Bg7 8. Be3 0-0 9. 0-0 d6 10. h3 Bd7 11. Qd2 Qc8 12. h4 f5 13. Bb3+ Kh8 14. Ng5 Nd8 15. Nc3 fxe4 16. Ngxe4 Nf5 17. h5 Nxe3 18. fxe3 Bf5 19. Ng3 gxh5 20. Nxf5 Rxf5 21. Qd3 Rf8 22. Bc2 Rf5 23. Rxf5 Ne6 24. Rxh5 1-0

[Event "GER-ch Seniors Gp-B 19th"]
[Site "Templin"]
[Date "2007.08.28"]
[Round "6"]
[White "Scholz, Werner"]
[Black "Schwagrowski, Bernd"]
[Result "1/2-1/2"]
[WhiteElo "1530"]
[BlackElo "1420"]
[PlyCount "42"]
[EventDate "2007.08.23"]
[EventType "swiss"]
[EventRounds "9"]
[EventCountry "GER"]
[SourceTitle "EXT 2022"]
[Source "ChessBase"]
[SourceDate "2021.10.06"]
[SourceVersion "1"]
[SourceVersionDate "2021.10.06"]
[SourceQuality "1"]

1. d4 d5 2. Nf3 Nf6 3. e3 g6 4. c4 b6 5. Nc3 e6 6. cxd5 Nxd5 7. Bb5+ c6 8. Ba4 Bg7 9. Bd2 0-0 10. 0-0 b5 11. Bb3 Ba6 12. Nxd5 cxd5 13. Rc1 Nd7 14. Re1 Rc8 15. Qe2 Qb6 16. Bb4 Rxc1 17. Rxc1 Rc8 18. Rxc8+ Bxc8 19. Qd2 Qc6 20. Qd1 Bf8 21. Bxf8 Kxf8 1/2-1/2

[Event "GER-ch Seniors Gp-B 19th"]
[Site "Templin"]
[Date "2007.08.25"]
[Round "3"]
[White "Schwagrowski, Bernd"]
[Black "Schmieder, Wolfgang Ernst"]
[Result "0-1"]
[WhiteElo "1420"]
[BlackElo "1621"]
[PlyCount "62"]
[EventDate "2007.08.23"]
[EventType "swiss"]
[EventRounds "9"]
[EventCountry "GER"]
[SourceTitle "EXT 2022"]
[Source "ChessBase"]
[SourceDate "2021.10.06"]
[SourceVersion "1"]
[SourceVersionDate "2021.10.06"]
[SourceQuality "1"]

1. Nf3 c5 2. e4 Nc6 3. Bb5 a6 4. Bxc6 dxc6 5. h3 Qc7 6. d3 e6 7. 0-0 Bd6 8. Be3 b6 9. Nbd2 Bb7 10. Nc4 b5 11. Ncd2 e5 12. c4 Ne7 13. Nh4 0-0 14. Qg4 Ng6 15. Nxg6 fxg6 16. Nf3 Rae8 17. Ng5 Bc8 18. Qg3 h6 19. Nf3 Rf6 20. Nh4 Kh7 21. Qh2 Ref8 22. f3 g5 23. Nf5 Bxf5 24. exf5 Rxf5 25. Qh1 Qf7 26. Rf2 bxc4 27. dxc4 Qxc4 28. g4 R5f6 29. Kg2 e4 30. Qd1 exf3+ 31. Rxf3 Qe4 0-1

[Event "GER-ch Seniors Gp-B 19th"]
[Site "Templin"]
[Date "2007.08.24"]
[Round "2"]
[White "Kolkwitz, Klaus"]
[Black "Schwagrowski, Bernd"]
[Result "1/2-1/2"]
[WhiteElo "1662"]
[BlackElo "1420"]
[PlyCount "44"]
[EventDate "2007.08.23"]
[EventType "swiss"]
[EventRounds "9"]
[EventCountry "GER"]
[SourceTitle "EXT 2022"]
[Source "ChessBase"]
[SourceDate "2021.10.06"]
[SourceVersion "1"]
[SourceVersionDate "2021.10.06"]
[SourceQuality "1"]

1. d4 d5 2. Nf3 Nf6 3. e3 g6 4. c4 Bg7 5. Nc3 e6 6. Be2 0-0 7. 0-0 b6 8. cxd5 Nxd5 9. Nxd5 Qxd5 10. Qc2 Qc6 11. Qb3 Bb7 12. Bd2 Qd5 13. Qc2 c6 14. e4 Qd8 15. Bg5 Bf6 16. Bh6 Bg7 17. Qd2 Nd7 18. Bxg7 Kxg7 19. Qf4 Rc8 20. e5 c5 21. Rfd1 Bd5 22. b3 cxd4 1/2-1/2

[Event "Niedersachsen-ch Seniors op 10th"]
[Site "Bad Bevensen"]
[Date "2007.07.07"]
[Round "5"]
[White "Schwagrowski, Bernd"]
[Black "Ludwig, Egbert"]
[Result "0-1"]
[WhiteElo "1369"]
[BlackElo "1250"]
[PlyCount "86"]
[EventDate "2007.07.03"]
[EventType "swiss"]
[EventRounds "9"]
[EventCountry "GER"]
[SourceTitle "EXT 2022"]
[Source "ChessBase"]
[SourceDate "2021.10.06"]
[SourceVersion "1"]
[SourceVersionDate "2021.10.06"]
[SourceQuality "1"]

1. Nf3 d5 2. d4 e6 3. Bf4 c5 4. g3 Qb6 5. b3 Nc6 6. Be3 Nf6 7. Bg2 cxd4 8. Nxd4 Nxd4 9. Bxd4 Bc5 10. e3 Bxd4 11. Qxd4 Qa5+ 12. Qc3 Qxc3+ 13. Nxc3 Bd7 14. 0-0 Rc8 15. Na4 Rxc2 16. Rfc1 Rxc1+ 17. Rxc1 0-0 18. Rc7 Bc6 19. Nc5 Rb8 20. b4 Ne8 21. Re7 Kf8 22. Nd7+ Bxd7 23. Rxd7 Nf6 24. Rc7 Ne8 25. Rc2 Nd6 26. Bf1 Rc8 27. Rxc8+ Nxc8 28. Bd3 Ke7 29. Kf1 Kd6 30. Ke2 h6 31. g4 e5 32. e4 d4 33. Bc4 f6 34. Bd5 b6 35. h4 Ne7 36. Bf7 Nc6 37. a3 a5 38. bxa5 Nxa5 39. Kd3 Kc5 40. Ba2 b5 41. Kc2 Nc4 42. Kb3 Nd2+ 43. Kc2 Nxe4 0-1

[Event "Niedersachsen-ch Seniors op 10th"]
[Site "Bad Bevensen"]
[Date "2007.07.04"]
[Round "2"]
[White "Tessmer, Herbert"]
[Black "Schwagrowski, Bernd"]
[Result "0-1"]
[WhiteElo "1549"]
[BlackElo "1369"]
[PlyCount "38"]
[EventDate "2007.07.03"]
[EventType "swiss"]
[EventRounds "9"]
[EventCountry "GER"]
[SourceTitle "EXT 2022"]
[Source "ChessBase"]
[SourceDate "2021.10.06"]
[SourceVersion "1"]
[SourceVersionDate "2021.10.06"]
[SourceQuality "1"]

1. g3 d5 2. Bg2 Nf6 3. e3 e6 4. Ne2 Nbd7 5. d3 Be7 6. Nd2 0-0 7. 0-0 Nb6 8. b3 Bd7 9. Bb2 c6 10. a3 Rc8 11. Rc1 c5 12. h3 Bc6 13. Nf3 Nfd7 14. Kh2 Bf6 15. Bxf6 Qxf6 16. c3 Rfe8 17. Nd2 Ne5 18. Nf3 Nxf3+ 19. Bxf3 Qxf3 0-1

[Event "Niedersachsen-ch Seniors op 10th"]
[Site "Bad Bevensen"]
[Date "2007.07.03"]
[Round "1"]
[White "Schwagrowski, Bernd"]
[Black "Gruber, Albert"]
[Result "0-1"]
[WhiteElo "1369"]
[BlackElo "1770"]
[PlyCount "46"]
[EventDate "2007.07.03"]
[EventType "swiss"]
[EventRounds "9"]
[EventCountry "GER"]
[SourceTitle "EXT 2022"]
[Source "ChessBase"]
[SourceDate "2021.10.06"]
[SourceVersion "1"]
[SourceVersionDate "2021.10.06"]
[SourceQuality "1"]

1. Nf3 Nf6 2. e3 d5 3. g3 Bf5 4. Bg2 Nc6 5. d4 Qd7 6. 0-0 Bh3 7. Nc3 Bxg2 8. Kxg2 Ne4 9. Nxe4 dxe4 10. Nd2 f5 11. a3 e5 12. d5 Qxd5 13. c4 Qd3 14. Qb3 0-0-0 15. Qa4 a5 16. Rb1 f4 17. b4 axb4 18. axb4 f3+ 19. Kg1 Qd7 20. Kh1 Qh3 21. Rg1 Rd6 22. Ra1 Qxh2+ 23. Kxh2 Rh6# 0-1

[Event "GER-ch Seniors Gp-B 18th"]
[Site "Dresden"]
[Date "2006.07.30"]
[Round "9"]
[White "Knoblach, Norbert"]
[Black "Schwagrowski, Bernd"]
[Result "1/2-1/2"]
[WhiteElo "1624"]
[BlackElo "1437"]
[PlyCount "50"]
[EventDate "2006.07.22"]
[EventType "swiss"]
[EventRounds "9"]
[EventCountry "GER"]
[SourceTitle "EXT 2022"]
[Source "ChessBase"]
[SourceDate "2021.10.06"]
[SourceVersion "1"]
[SourceVersionDate "2021.10.06"]
[SourceQuality "1"]

1. d4 d5 2. c4 e6 3. Nc3 Nf6 4. Bg5 Be7 5. e3 0-0 6. Nf3 b6 7. Rc1 Ne4 8. Nxe4 dxe4 9. Bxe7 Qxe7 10. Nd2 Bb7 11. Be2 Nd7 12. 0-0 f5 13. a3 Rf6 14. b4 Rh6 15. g3 g5 16. Qb3 Kh8 17. Qc3 Nf6 18. d5 f4 19. Nxe4 exd5 20. cxd5 Qxe4 21. Qxc7 Qxd5 22. f3 Rc8 23. Qe7 Re8 24. Qc7 Rxe3 25. Rfd1 Qe5 1/2-1/2

[Event "Essen op04"]
[Site "Essen"]
[Date "2005.04.20"]
[Round "9"]
[White "Burnat, Horst"]
[Black "Schwagrowski, Bernd"]
[Result "1-0"]
[WhiteElo "1585"]
[BlackElo "1396"]
[PlyCount "35"]
[EventDate "2005.04.04"]
[EventType "swiss"]
[EventRounds "9"]
[EventCountry "GER"]
[SourceTitle "EXT 2007"]
[Source "ChessBase"]
[SourceDate "2006.11.23"]
[SourceVersion "1"]
[SourceVersionDate "2006.11.23"]
[SourceQuality "1"]

1. e4 e5 2. Nf3 Nc6 3. Nc3 a6 4. Be2 Bc5 5. 0-0 d6 6. d3 f5 7. exf5 Bxf5 8. a3 Nf6 9. Bg5 h6 10. Bxf6 gxf6 11. Nh4 Ne7 12. Bh5+ Kd7 13. Qf3 Ke6 14. Nxf5 Nxf5 15. Bg4 Kf7 16. Qxf5 c6 17. Ne4 Rf8 18. Qh7+ 1-0

[Event "Essen op04"]
[Site "Essen"]
[Date "2005.04.19"]
[Round "8"]
[White "Schwagrowski, Bernd"]
[Black "Streier, Wilhelm"]
[Result "1/2-1/2"]
[WhiteElo "1396"]
[BlackElo "1455"]
[PlyCount "74"]
[EventDate "2005.04.04"]
[EventType "swiss"]
[EventRounds "9"]
[EventCountry "GER"]
[SourceTitle "EXT 2007"]
[Source "ChessBase"]
[SourceDate "2006.11.23"]
[SourceVersion "1"]
[SourceVersionDate "2006.11.23"]
[SourceQuality "1"]

1. Nf3 d5 2. d4 Nf6 3. h3 e6 4. Bf4 Nbd7 5. Nc3 a6 6. a3 c5 7. e3 b5 8. Be2 Be7 9. 0-0 0-0 10. dxc5 Nxc5 11. b4 Nce4 12. Nxe4 Nxe4 13. Bd3 f5 14. Ne5 Qe8 15. Bxe4 fxe4 16. Qg4 Kh8 17. f3 Rf5 18. fxe4 dxe4 19. Bh2 Bf6 20. Qxe4 Ra7 21. Rad1 Bxe5 22. Bxe5 Raf7 23. Rxf5 Rxf5 24. Qd4 Qf7 25. Qd8+ Qg8 26. Qxg8+ Kxg8 27. Rd8+ Rf8 28. Rd6 Re8 29. Kf2 g6 30. Ke2 Kf7 31. Rc6 Bb7 32. Rc7+ Re7 33. Rxe7+ Kxe7 34. g3 Be4 35. Kd2 Kd7 36. Kc3 Kc6 37. Kd2 Kd5 1/2-1/2

[Event "Essen op04"]
[Site "Essen"]
[Date "2005.04.05"]
[Round "2"]
[White "Schwagrowski, Bernd"]
[Black "Philipp, Guenther"]
[Result "0-1"]
[WhiteElo "1396"]
[BlackElo "1786"]
[PlyCount "78"]
[EventDate "2005.04.04"]
[EventType "swiss"]
[EventRounds "9"]
[EventCountry "GER"]
[SourceTitle "EXT 2007"]
[Source "ChessBase"]
[SourceDate "2006.11.23"]
[SourceVersion "1"]
[SourceVersionDate "2006.11.23"]
[SourceQuality "1"]

1. Nf3 Nf6 2. g3 c6 3. Bg2 d5 4. d4 Bf5 5. Bf4 e6 6. Nbd2 h6 7. 0-0 Bd6 8. Be5 0-0 9. c4 Bxe5 10. Nxe5 Ng4 11. Nxg4 Bxg4 12. c5 Nd7 13. b4 e5 14. Nb3 exd4 15. Nxd4 Nf6 16. Re1 Re8 17. Qc2 Qc7 18. a4 a6 19. Ra3 Qe5 20. Qd3 Bd7 21. Qd2 Qc7 22. a5 Re7 23. Re3 Rae8 24. Rxe7 Rxe7 25. Qf4 Qxf4 26. gxf4 Ne8 27. e3 Nc7 28. f3 Ne6 29. Kf2 Nxd4 30. exd4 Rxe1 31. Kxe1 Kf8 32. Kf2 Ke7 33. Kg3 Kf6 34. Kh4 Kg6 35. Bh3 Bxh3 36. Kxh3 Kf5 37. Kg3 f6 38. h3 g6 39. h4 h5 0-1

[Event "Wch Seniors 14th"]
[Site "Halle"]
[Date "2004.11.02"]
[Round "8"]
[White "Groener, Marga"]
[Black "Schwagrowski, Bernd"]
[Result "0-1"]
[WhiteElo "1286"]
[BlackElo "1432"]
[PlyCount "77"]
[EventDate "2004.10.24"]
[EventType "swiss"]
[EventRounds "11"]
[EventCountry "GER"]
[SourceTitle "EXT 2005"]
[Source "ChessBase"]
[SourceDate "2004.11.15"]
[SourceVersion "1"]
[SourceVersionDate "2004.11.15"]
[SourceQuality "1"]

1. d4 d5 2. Nf3 Nf6 3. e3 g6 4. c4 Bg7 5. h3 0-0 6. Nbd2 Re8 7. Bd3 Nbd7 8. cxd5 Nxd5 9. a3 N7f6 10. 0-0 e6 11. Qc2 b6 12. b4 Bb7 13. Bb2 Rc8 14. Rac1 Re7 15. Qa4 c6 16. Qc2 Rec7 17. Qb1 Nd7 18. Qa1 Qf8 19. Rc2 a5 20. bxa5 bxa5 21. Rfc1 c5 22. dxc5 Nxc5 23. Bc4 Nb6 24. Bxg7 Qxg7 25. Qxg7+ Kxg7 26. Nd4 Nxc4 27. Nxc4 Nd3 28. Nd6 Rxc2 29. Rxc2 Rxc2 30. Nxc2 Bd5 31. Kf1 a4 32. Nd4 Nb2 33. N4b5 f5 34. h4 Kh6 35. g3 Kh5 36. f4 Kg4 37. Nc3 Kxg3 38. Nxd5 exd5 39. Nf7 0-1

[Event "Wch Seniors 14th"]
[Site "Halle"]
[Date "2004.10.28"]
[Round "5"]
[White "Schwagrowski, Bernd"]
[Black "Buss, Richard"]
[Result "1/2-1/2"]
[WhiteElo "1432"]
[BlackElo "1341"]
[PlyCount "85"]
[EventDate "2004.10.24"]
[EventType "swiss"]
[EventRounds "11"]
[EventCountry "GER"]
[SourceTitle "EXT 2005"]
[Source "ChessBase"]
[SourceDate "2004.11.15"]
[SourceVersion "1"]
[SourceVersionDate "2004.11.15"]
[SourceQuality "1"]

1. Nf3 d5 2. d4 Nf6 3. g3 Bf5 4. Bg2 c6 5. 0-0 e6 6. Bf4 Nbd7 7. Nbd2 Be7 8. Nh4 Bg6 9. Nxg6 hxg6 10. c4 Nh5 11. Be3 f5 12. f4 g5 13. c5 g4 14. b4 a6 15. a4 Kf7 16. Bf2 Nhf6 17. Re1 Rh7 18. Kf1 Rxh2 19. Bg1 Rh8 20. e3 Nh5 21. Bf2 Nhf6 22. Ke2 Rh2 23. Rg1 Ne4 24. Bxe4 fxe4 25. Rh1 Qh8 26. Qg1 Rxh1 27. Qxh1 Nf6 28. Qg2 g6 29. Rh1 Qg7 30. Qh2 Nh5 31. Nb3 Rh8 32. Qg2 Qh6 33. Kd2 Qf8 34. Rh2 Qd8 35. Na5 Qc7 36. Qf1 b6 37. Nb3 Qb7 38. Kc3 Bd8 39. Be1 Kf6 40. Kb2 Kf5 41. Ka3 Rh7 42. Qe2 Be7 43. Qc2 1/2-1/2